000 01515nam a2200325 i 4500
001 768714001
003 CO-MdFUSB
005 20250421102948.0
008 240224t2007 -us |||| |||| 00| 0deng d
020 _a9780195326666
040 _aCO-MdFUSB
_bspa
_cCO-MdFUSB
_dCO-MdFUSBC
_erda
041 _aeng
082 _224
_a277.3083
_bL748
100 _aLindsay, D. Michael,
_eautor
245 1 _aFaith in the halls of power :
_bhow evangelicals joined the American elite
_c/ D. Michael Lindsay
264 1 _bOxford University Press,
_aNew York , Estados Unidos :
_c[2007]
264 4 _c©2007
300 _a332 páginas
_c; 16 cm
336 _2rdacontent
_atexto
_btxt
337 _2rdamedia
_asin mediación
_bn
338 _2rdacarrier
_avolumen
_bnc
505 _tParte I: Campañas, coaliciones y la oficina oval:
_aPresidentes y políticas. -- Aliados y enemigos.
_tparte II: Los intelectuales y las arboledas de la academia:
_aConocimiento para cambiar la mente. -- Vida de la mente.
_tparte III: Artistas, celebridades y el escenario público:
_aDe la protesta al clientelismo. -- Una revolución cultural.
_tparte IV: Titanes corporativos y la oficina de la esquina:
_aEmpresas amigas de la fe. -- Influencia ejecutiva. -- Conclusión: El cristianismo que mueve el dial.
563 _aRústica
650 7 _aCristianismo
_922
650 7 _aReligión y política
_9286
650 0 _9844
_aIglesia
_zEstados Unidos
_xHistoria
_y2000-
942 _cBK
945 _aLP-1109
999 _c69312
_d69312